00388nam a2200121 a 4500020001500000041001300015100002000028245007000048246007500118260004700193300001100240650001500251 a3980138135 agerheng aWiesner, Jurgen aVerzeichnis der sandlaufkafer der welt (coleoptera, Cicindelidae) aChecklist of the tirge beetles of the world (coleoptera, Cicindelidae) aAlemaniabVerlag Erna Bauer, Kelternc1992 a364 p. aColeoptera